Noche azul de Andalucía (Record no. 56214)

MARC details
000 -LEADER
campo de control de longitud fija 00626nam a2200181 i 4500
001 - NÚMERO DE CONTROL
campo de control 56214
003 - IDENTIFICADOR DE NÚMERO DE CONTROL
campo de control ES-MaACL
005 - FECHA Y HORA DE LA ÚLTIMA TRANSACCIÓN
campo de control 20230906163317.0
007 - CAMPO FIJO DE DESCRIPCIÓN FÍSICA--INFORMACIÓN GENERAL
campo de control de longitud fija t|
008 - DATOS DE LONGITUD FIJA--INFORMACIÓN GENERAL
campo de control de longitud fija 031006s1957 sp ||||1| spa d
100 1# - ENTRADA PRINCIPAL--NOMBRE DE PERSONA
Nombre de persona Díaz Serrano, Joaquín.
9 (RLIN) 44430
245 10 - MENCIÓN DEL TÍTULO
Título Noche azul de Andalucía
Resto del título : cantares /
Mención de responsabilidad, etc. Joaquín Díaz Serrano ; prólogo de Felipe Sassone ; ilustraciones de Luis Ramos Rosa.
260 ## - PUBLICACIÓN, DISTRIBUCIÓN, ETC.
Lugar de publicación, distribución, etc. [S.l. :
Nombre del editor, distribuidor, etc. s.n.,
Fecha de publicación, distribución, etc. 1957] (
Lugar de fabricación/manufactura Málaga :
Fabricante Gráfs. Ricardo Sánchez)
300 ## - DESCRIPCIÓN FÍSICA
Extensión 160 p. ;
Dimensiones 20 cm.
700 1# - ENTRADA AGREGADA--NOMBRE PERSONAL
Nombre de persona Sassone, Felipe.
9 (RLIN) 103913
700 1# - ENTRADA AGREGADA--NOMBRE PERSONAL
Nombre de persona Ramos Rosa, Luis.
9 (RLIN) 95353
852 ## - LOCALIZACIÓN
Ubicación ES-MaACL
Número de control de estantería C-14047
Sublocalización o colección R.41670
Holdings
Estatus retirado Estado de pérdida Estado de daño No para préstamo Biblioteca de origen Biblioteca actual Ubicación en estantería Fecha de adquisición Fuente de adquisición Total de préstamos Signatura topográfica completa Código de barras Visto por última vez Precio de reemplazo Tipo de ítem Koha
        Biblioteca del Ateneo de Madrid Biblioteca del Ateneo de Madrid Sala Palomar 17/01/2008     C-14047 1059045 23/02/2023 23/02/2023 Libro impreso